Literary Works ending in 'A' Quiz Stats

 Plays Quiz not verified by Sporcle

Challenge
Share
Tweet
Embed
Score 0/20 Timer 05:00
0 Plays Today
Book/Play Author % Correct
The Old Man And The Sea (1952)Ernest Hemingway
93.2%
Emma (1815)Jane Austen
92.6%
The Chronicles of Narnia (1950-56)C.S. Lewis
90.6%
Anna Karenina (1877)Leo Tolstoy
90.1%
Antony and Cleopatra (1606)William Shakespeare
89.5%
Dracula (1897)Bram Stoker
87.4%
Matilda (1988)Roald Dahl
83.6%
Lolita (1955)Vladimir Nabokov
78.7%
Love in the Time of Cholera (1985)Gabriel Garcí­a Márquez
69.4%
A Passage to India (1924)E. M. Forster
64.8%
Book/Play Author % Correct
Rebecca (1938)Daphne du Maurier
64.7%
My Antonia (1918)Willa Cather
51.6%
Electra (about 400 BC)Sophocles
42.5%
Wide Sargasso Sea (1966)Jean Rhys
37.6%
Thus Spoke Zarathustra (1883)Friedrich Nietzsche
36.7%
The Master And Margarita (1967)Mikhail Bulgakov
28.7%
Amerika (1927)Franz Kafka
23.3%
The Phantom of the Opera (1909)Gaston Leroux
22.8%
Memoirs Of A Geisha (1997)Arthur Golden
22.5%
Oscar And Lucinda (1988)Peter Carey
18.8%

You're not logged in!

Compare scores with friends on all Sporcle quizzes.
Join for Free
OR
Log In

You Might Also Like...

Show Comments

Extras

Top Quizzes Today


Score Distribution

Your Account Isn't Verified!

In order to create a playlist on Sporcle, you need to verify the email address you used during registration. Go to your Sporcle Settings to finish the process.

Report this User

Report this user for behavior that violates our Community Guidelines.

Details: